[Event "Titled Tuesday intern op 01st Aug Early"]
[Site "Chess.com INT"]
[Date "2023.08.01"]
[Round "10"]
[White "Zaksaite, Salomeja"]
[Black "Gopal, KN."]
[Result "1-0"]
[WhiteElo "2217"]
[BlackElo "1910"]
[PlyCount "39"]
[EventDate "2023.08.01"]
[EventType "swiss (blitz)"]
[EventRounds "11"]
[EventCountry "USA"]
[SourceTitle "EXT 2024"]
[Source "ChessBase"]
[SourceDate "2023.10.10"]
[SourceVersion "1"]
[SourceVersionDate "2023.10.10"]
[SourceQuality "1"]

1. e4 Nc6 2. Nf3 d6 3. d4 Nf6 4. Nc3 d5 5. e5 Ng8 6. Bb5 a6 7. Bd3 Bg4 8. Be3 e6 9. Ne2 Nb4 10. Ng3 Nxd3+ 11. cxd3 Bb4+ 12. Kf1 Qd7 13. Rc1 c6 14. h3 Bxf3 15. Qxf3 Ne7 16. Nh5 0-0 17. h4 Ng6 18. Nxg7 Kxg7 19. Qf6+ Kg8 20. Bh6 1-0

[Event "Titled Tuesday intern op 06th Oct"]
[Site "Chess.com INT"]
[Date "2020.10.06"]
[Round "10"]
[White "Barp, Alberto"]
[Black "Gopal, KN."]
[Result "1-0"]
[WhiteElo "2374"]
[BlackElo "2022"]
[PlyCount "59"]
[EventDate "2020.10.06"]
[EventType "swiss (blitz)"]
[EventRounds "10"]
[EventCountry "USA"]
[SourceTitle "CBM 198 Extra"]
[Source "ChessBase"]
[SourceDate "2020.11.30"]
[SourceVersion "1"]
[SourceVersionDate "2020.11.30"]
[SourceQuality "1"]

1. d4 Nf6 2. c4 c5 3. d5 b5 4. cxb5 a6 5. bxa6 Bxa6 6. Nc3 d6 7. e4 Bxf1 8. Kxf1 g6 9. Nf3 Bg7 10. g3 0-0 11. Kg2 Nbd7 12. a4 Qa5 13. Qe2 Rfb8 14. Ra3 Rb4 15. b3 Ng4 16. Bd2 Qd8 17. Nb5 Qb6 18. Bxb4 cxb4 19. Ra2 Nc5 20. Qc4 h5 21. h3 Nf6 22. Re1 Rc8 23. Rc2 Rb8 24. e5 Nfd7 25. exd6 exd6 26. Ree2 Rf8 27. Qxb4 Nf6 28. Qc4 Nb7 29. Qc6 Qxf2+ 30. Rxf2 1-0

[Event "Titled Tuesday intern op 06th Oct"]
[Site "Chess.com INT"]
[Date "2020.10.06"]
[Round "2"]
[White "Gopal, KN."]
[Black "Erdogdu, Mert"]
[Result "0-1"]
[WhiteElo "2022"]
[BlackElo "2396"]
[PlyCount "74"]
[EventDate "2020.10.06"]
[EventType "swiss (blitz)"]
[EventRounds "10"]
[EventCountry "USA"]
[SourceTitle "CBM 198 Extra"]
[Source "ChessBase"]
[SourceDate "2020.11.30"]
[SourceVersion "1"]
[SourceVersionDate "2020.11.30"]
[SourceQuality "1"]

1. e4 c5 2. c4 d6 3. g3 Nc6 4. Bg2 g6 5. Ne2 Bg7 6. Nbc3 Nf6 7. 0-0 0-0 8. d3 Ne8 9. h3 Nc7 10. f4 Ne6 11. Kh2 Rb8 12. a4 a6 13. f5 Ned4 14. Nxd4 Nxd4 15. fxg6 hxg6 16. Be3 e6 17. Rb1 Bd7 18. b3 b5 19. axb5 axb5 20. Bd2 Qe7 21. Qg4 b4 22. Ne2 e5 23. Bg5 f6 24. Bxf6 Rxf6 25. Qg5 Nxe2 26. Ra1 Rbf8 27. Ra7 R8f7 28. Ra8+ Kh7 29. Qh4+ Bh6 30. Rfa1 Nxg3 31. Rh8+ Kxh8 32. Qxh6+ Kg8 33. Kxg3 g5 34. Qh5 Rh7 35. Qe2 Rf4 36. Ra7 g4 37. Ra8+ Kg7 0-1

[Event "Titled Tuesday intern op 06th Oct"]
[Site "Chess.com INT"]
[Date "2020.10.06"]
[Round "8"]
[White "Gopal, KN."]
[Black "Manolache, Marius"]
[Result "1/2-1/2"]
[WhiteElo "2022"]
[BlackElo "2541"]
[PlyCount "116"]
[EventDate "2020.10.06"]
[EventType "swiss (blitz)"]
[EventRounds "10"]
[EventCountry "USA"]
[SourceTitle "CBM 198 Extra"]
[Source "ChessBase"]
[SourceDate "2020.11.30"]
[SourceVersion "1"]
[SourceVersionDate "2020.11.30"]
[SourceQuality "1"]

1. e4 c5 2. Nf3 e6 3. c3 d6 4. d4 Nf6 5. Bd3 Nc6 6. 0-0 Be7 7. a3 0-0 8. Qe2 Qc7 9. h3 b6 10. Bf4 e5 11. dxe5 Nxe5 12. Nxe5 dxe5 13. Bg3 Bb7 14. Nd2 Rad8 15. Rad1 g6 16. Nc4 Nd7 17. Ne3 Nf6 18. Nc4 Nd7 19. Rfe1 b5 20. Ne3 c4 21. Bc2 Nb6 22. Ng4 f6 23. Kh2 Bc8 24. Ne3 Be6 25. Rf1 Rxd1 26. Qxd1 Rd8 27. Qe2 Bd6 28. Rd1 Bc5 29. Ng4 Rxd1 30. Qxd1 Be7 31. Ne3 Qd6 32. Qe2 a6 33. Ng4 h5 34. Ne3 Kg7 35. Nf1 Nd7 36. Nd2 Nc5 37. Qe3 g5 38. h4 g4 39. f3 Nd7 40. f4 Bf7 41. f5 Qc7 42. Bf2 Bc5 43. Qe2 Qb6 44. Bxc5 Nxc5 45. Nf1 Qc6 46. Ng3 Qd6 47. Qe3 Nd7 48. Qa7 Kf8 49. Qa8+ Kg7 50. Qd8 Qc6 51. Qe7 Kg8 52. Qd8+ Kg7 53. Qe7 Kg8 54. Bd1 Nf8 55. Be2 Nd7 56. Qd8+ Nf8 57. Bd1 Kg7 58. Bc2 Nd7 1/2-1/2

[Event "Titled Tuesday intern op 22nd Sept"]
[Site "Chess.com INT"]
[Date "2020.09.22"]
[Round "3"]
[White "Gopal, KN."]
[Black "Ljukin, Sergei"]
[Result "1-0"]
[WhiteElo "2022"]
[BlackElo "2368"]
[PlyCount "59"]
[EventDate "2020.09.22"]
[EventType "swiss (blitz)"]
[EventRounds "10"]
[EventCountry "USA"]
[SourceTitle "CBM 198 Extra"]
[Source "ChessBase"]
[SourceDate "2020.11.30"]
[SourceVersion "1"]
[SourceVersionDate "2020.11.30"]
[SourceQuality "1"]

1. e4 e6 2. d4 d5 3. e5 c5 4. c3 Nc6 5. Nf3 Qb6 6. Bd3 cxd4 7. cxd4 Bd7 8. 0-0 Nxd4 9. Nxd4 Qxd4 10. Nc3 a6 11. Be3 Qxe5 12. Re1 Qd6 13. Qf3 Be7 14. Bf4 Qb6 15. Be5 Nf6 16. Bxf6 gxf6 17. Re2 Bc6 18. Rae1 0-0-0 19. Qh3 Bd6 20. a3 f5 21. b4 d4 22. Nb1 Rdg8 23. f3 h5 24. Nd2 Bd5 25. Qh4 Qd8 26. Qxd4 h4 27. Qa7 Bb8 28. Rc1+ Bc6 29. Rxc6+ bxc6 30. Bxa6# 1-0

[Event "Titled Tuesday intern op 22nd Sept"]
[Site "Chess.com INT"]
[Date "2020.09.22"]
[Round "9"]
[White "Gopal, KN."]
[Black "Swati, Mohota"]
[Result "1-0"]
[WhiteElo "2022"]
[BlackElo "2027"]
[PlyCount "59"]
[EventDate "2020.09.22"]
[EventType "swiss (blitz)"]
[EventRounds "10"]
[EventCountry "USA"]
[SourceTitle "CBM 198 Extra"]
[Source "ChessBase"]
[SourceDate "2020.11.30"]
[SourceVersion "1"]
[SourceVersionDate "2020.11.30"]
[SourceQuality "1"]

1. e4 Nf6 2. e5 Nd5 3. d4 Nb6 4. f4 d6 5. Nf3 g6 6. c3 Bg7 7. Be2 dxe5 8. fxe5 c5 9. 0-0 cxd4 10. cxd4 Nc6 11. Nc3 0-0 12. Be3 Bg4 13. Rc1 Bxf3 14. Bxf3 Nc4 15. Bf2 Nxb2 16. Qe2 Nxd4 17. Qxb2 Nxf3+ 18. gxf3 Bxe5 19. Qxb7 Qd6 20. Ne4 Bxh2+ 21. Kg2 Qb8 22. Qxe7 Bf4 23. Rc4 Qe5 24. Qh4 f5 25. Rh1 Rf7 26. Nc5 g5 27. Qh6 Qf6 28. Qxf6 Rxf6 29. Nd3 Rg6 30. Re1 1-0

[Event "Titled Tuesday intern op 22nd Sept"]
[Site "Chess.com INT"]
[Date "2020.09.22"]
[Round "5"]
[White "Idrisov, Ildar F"]
[Black "Gopal, KN."]
[Result "1-0"]
[WhiteElo "2282"]
[BlackElo "2022"]
[PlyCount "65"]
[EventDate "2020.09.22"]
[EventType "swiss (blitz)"]
[EventRounds "10"]
[EventCountry "USA"]
[SourceTitle "CBM 198 Extra"]
[Source "ChessBase"]
[SourceDate "2020.11.30"]
[SourceVersion "1"]
[SourceVersionDate "2020.11.30"]
[SourceQuality "1"]

1. Nf3 d5 2. b3 c5 3. Bb2 Nf6 4. e3 e6 5. d4 Nc6 6. Bd3 Bd7 7. Nbd2 cxd4 8. exd4 Be7 9. a3 0-0 10. 0-0 Rc8 11. Ne5 Be8 12. Qf3 g6 13. Qh3 Nd7 14. f4 Bf6 15. Rae1 Bg7 16. Ndf3 Nf6 17. Ng5 h5 18. Nxe6 fxe6 19. Qxe6+ Kh7 20. Qh3 Ne4 21. Rxe4 dxe4 22. Bxe4 Nxe5 23. fxe5 Kg8 24. c4 Rxf1+ 25. Kxf1 Qg5 26. Qxc8 Qe7 27. Qxb7 Bd7 28. Qb8+ Kh7 29. Qd6 Qe8 30. Bc1 Bf5 31. Bxf5 gxf5 32. a4 Qf7 33. Bf4 1-0

[Event "Titled Tuesday intern op 15th Sept"]
[Site "Chess.com INT"]
[Date "2020.09.15"]
[Round "5"]
[White "De Borba, Guilherme"]
[Black "Gopal, KN."]
[Result "1-0"]
[WhiteElo "2279"]
[BlackElo "2022"]
[PlyCount "83"]
[EventDate "2020.09.15"]
[EventType "swiss (blitz)"]
[EventRounds "10"]
[EventCountry "USA"]
[SourceTitle "CBM 198 Extra"]
[Source "ChessBase"]
[SourceDate "2020.11.30"]
[SourceVersion "1"]
[SourceVersionDate "2020.11.30"]
[SourceQuality "1"]

1. e4 c5 2. Nf3 d6 3. c3 Nc6 4. d4 cxd4 5. cxd4 Nf6 6. Nc3 e6 7. Bd3 Be7 8. 0-0 e5 9. d5 Nb8 10. a4 0-0 11. h3 a6 12. Be3 Nbd7 13. b4 b6 14. Rc1 Bb7 15. Qe2 Nh5 16. g3 g6 17. h4 f5 18. exf5 gxf5 19. Ng5 Ng7 20. Ne6 Qe8 21. Nc7 Qf7 22. Nxa8 f4 23. Nc7 f3 24. Qc2 Qh5 25. Bxh7+ Qxh7 26. Qxh7+ Kxh7 27. Ne4 Nf5 28. Bg5 Bxg5 29. Nxg5+ Kh6 30. Nxf3 Nf6 31. Ng5 Nd4 32. Nge6 Ne2+ 33. Kg2 Rg8 34. Rc2 Nxd5 35. Nxd5 Bxd5+ 36. Kh2 Nd4 37. Nxd4 exd4 38. Rd2 d3 39. Rxd3 Bc4 40. Rxd6+ Kh5 41. Re1 Kg4 42. Kg2 1-0

[Event "Titled Tuesday intern op 15th Sept"]
[Site "Chess.com INT"]
[Date "2020.09.15"]
[Round "9"]
[White "Gopal, KN."]
[Black "Rodrigues, Barbara"]
[Result "1-0"]
[WhiteElo "2022"]
[BlackElo "2033"]
[PlyCount "71"]
[EventDate "2020.09.15"]
[EventType "swiss (blitz)"]
[EventRounds "10"]
[EventCountry "USA"]
[SourceTitle "CBM 198 Extra"]
[Source "ChessBase"]
[SourceDate "2020.11.30"]
[SourceVersion "1"]
[SourceVersionDate "2020.11.30"]
[SourceQuality "1"]

1. e4 c5 2. Nf3 Nc6 3. d4 cxd4 4. Nxd4 e5 5. Nb3 Nf6 6. Bc4 Be7 7. 0-0 0-0 8. Nc3 d6 9. f3 Be6 10. Nd5 Rc8 11. c3 Bxd5 12. Bxd5 Nxd5 13. Qxd5 Bg5 14. Rd1 Qb6+ 15. Kh1 Bxc1 16. Raxc1 Rfd8 17. Rd2 Ne7 18. Qd3 d5 19. Rcd1 h6 20. Qe2 dxe4 21. Qxe4 Rxd2 22. Rxd2 Rd8 23. Rxd8+ Qxd8 24. h3 Qd5 25. Qxd5 Nxd5 26. Nc5 b5 27. Ne4 Kf8 28. Nd6 a6 29. Ne4 Ke7 30. Nc5 Nc7 31. Nd3 Kd6 32. Kg1 Kd5 33. Kf2 f6 34. Ke3 Kc4 35. Kd2 Nd5 36. b3# 1-0

[Event "Titled Tuesday intern op 01st Sept"]
[Site "Chess.com INT"]
[Date "2020.09.01"]
[Round "10"]
[White "Gopal, KN."]
[Black "Garic, Radomir"]
[Result "0-1"]
[WhiteElo "2022"]
[BlackElo "2244"]
[PlyCount "70"]
[EventDate "2020.09.01"]
[EventType "swiss (blitz)"]
[EventRounds "10"]
[EventCountry "USA"]
[SourceTitle "CBM 198 Extra"]
[Source "ChessBase"]
[SourceDate "2020.11.30"]
[SourceVersion "1"]
[SourceVersionDate "2020.11.30"]
[SourceQuality "1"]

1. c4 Nc6 2. g3 h5 3. h4 e5 4. Bg2 Bc5 5. d3 d6 6. Nc3 a6 7. Nf3 Bg4 8. a3 Ba7 9. b4 f5 10. Nd5 f4 11. gxf4 Nf6 12. fxe5 Nxd5 13. cxd5 Nxe5 14. Nxe5 dxe5 15. Be3 Bxe3 16. fxe3 0-0 17. Qb3 a5 18. d6+ Kh8 19. Bxb7 cxd6 20. Bxa8 Qxa8 21. Rh2 axb4 22. Qxb4 Qd5 23. Qc4 Qa5+ 24. Qb4 Qd5 25. e4 Qf7 26. Qxd6 Qf1+ 27. Kd2 Qf4+ 28. Kd1 Rc8 29. Rh1 Bxe2+ 30. Ke1 Qe3 31. Rh2 Bxd3+ 32. Kd1 Qg1+ 33. Kd2 Qxh2+ 34. Kxd3 Qc2+ 35. Ke3 Rc3+ 0-1

[Event "Titled Tuesday intern op 01st Sept"]
[Site "Chess.com INT"]
[Date "2020.09.01"]
[Round "1"]
[White "Suvorov, Alexander1111"]
[Black "Gopal, KN."]
[Result "1-0"]
[WhiteElo "2313"]
[BlackElo "2022"]
[PlyCount "93"]
[EventDate "2020.09.01"]
[EventType "swiss (blitz)"]
[EventRounds "10"]
[EventCountry "USA"]
[SourceTitle "CBM 198 Extra"]
[Source "ChessBase"]
[SourceDate "2020.11.30"]
[SourceVersion "1"]
[SourceVersionDate "2020.11.30"]
[SourceQuality "1"]

1. d4 Nf6 2. c4 c6 3. Nc3 d5 4. e3 e6 5. Nf3 Nbd7 6. Qc2 Be7 7. Bd3 a6 8. 0-0 dxc4 9. Bxc4 b5 10. Be2 c5 11. Rd1 cxd4 12. Nxd4 Bb7 13. a3 0-0 14. Bd2 Rc8 15. Be1 Qb6 16. Rac1 h6 17. h3 Rfd8 18. Qb1 Ne5 19. Na2 Be4 20. Qa1 Ba8 21. Bf1 Nc4 22. Bb4 Bxb4 23. Nxb4 Ne4 24. Nd3 Ncd2 25. b4 Nxf1 26. Rxf1 Nd2 27. Rfd1 Qb7 28. Ne1 Ne4 29. Qb2 Ng5 30. Ndf3 Qe4 31. Qe5 Qg6 32. Nxg5 hxg5 33. f3 Qf6 34. Qxf6 gxf6 35. Rxc8 Rxc8 36. Nd3 Rc3 37. Nc5 Bd5 38. e4 Bc4 39. Ra1 a5 40. bxa5 Be2 41. Nd7 Kg7 42. a6 b4 43. axb4 Rc7 44. Nc5 Ra7 45. Kf2 Bb5 46. Ra5 f5 47. Rxb5 1-0

[Event "Titled Tuesday intern op 25th Aug"]
[Site "Chess.com INT"]
[Date "2020.08.25"]
[Round "5"]
[White "Gopal, KN."]
[Black "Aghasiyev, Kamal"]
[Result "0-1"]
[WhiteElo "2022"]
[BlackElo "2441"]
[PlyCount "66"]
[EventDate "2020.08.25"]
[EventType "swiss (blitz)"]
[EventRounds "10"]
[EventCountry "USA"]
[SourceTitle "CBM 198 Extra"]
[Source "ChessBase"]
[SourceDate "2020.11.30"]
[SourceVersion "1"]
[SourceVersionDate "2020.11.30"]
[SourceQuality "1"]

1. e4 c5 2. c4 Nc6 3. Nc3 g6 4. g3 Bg7 5. Bg2 d6 6. Nge2 Nf6 7. 0-0 0-0 8. d4 Bg4 9. f3 cxd4 10. Nxd4 Nxd4 11. Qxd4 Be6 12. Qd3 Rc8 13. Nd5 Nd7 14. Qe2 Ne5 15. Bg5 f6 16. Be3 Nxc4 17. Bf2 f5 18. Rac1 fxe4 19. fxe4 Ne5 20. Rxc8 Bxc8 21. Bxa7 Bg4 22. Qe3 Rxf1+ 23. Kxf1 Qa5 24. Nxe7+ Kf7 25. Nd5 Qxa2 26. h3 Qa1+ 27. Kf2 Be6 28. Bd4 Qd1 29. Nf4 Ng4+ 30. hxg4 Bxd4 31. Nxe6 Kxe6 32. Bf3 Qd2+ 33. Be2 Qxe3+ 0-1

[Event "Titled Tuesday intern op 25th Aug"]
[Site "Chess.com INT"]
[Date "2020.08.25"]
[Round "10"]
[White "Gopal, KN."]
[Black "Kepeshchuk, Mykhaylo"]
[Result "1-0"]
[WhiteElo "2022"]
[BlackElo "2269"]
[PlyCount "73"]
[EventDate "2020.08.25"]
[EventType "swiss (blitz)"]
[EventRounds "10"]
[EventCountry "USA"]
[SourceTitle "CBM 198 Extra"]
[Source "ChessBase"]
[SourceDate "2020.11.30"]
[SourceVersion "1"]
[SourceVersionDate "2020.11.30"]
[SourceQuality "1"]

1. c4 c5 2. Nf3 Nf6 3. g3 g6 4. Bg2 Bg7 5. Nc3 0-0 6. a3 d5 7. cxd5 Nxd5 8. 0-0 Nc6 9. Qc2 Bg4 10. Nxd5 Qxd5 11. h3 Bxf3 12. Bxf3 Qd6 13. Bxc6 Qxc6 14. d3 Rac8 15. Be3 Qb5 16. Rab1 a5 17. Rfc1 a4 18. b3 axb3 19. Rxb3 Qa6 20. Qc4 Qa8 21. Bxc5 Rfd8 22. Qb4 Bd4 23. Rc4 Bxc5 24. Rxc5 Rxc5 25. Qxc5 Rc8 26. Qxe7 b5 27. Qe4 Qxe4 28. dxe4 Rc5 29. f4 Kg7 30. Kf2 Kf6 31. Ke3 Rc2 32. Kf3 Ra2 33. e5+ Ke6 34. e3 h5 35. h4 Kf5 36. Rxb5 Rxa3 37. Rb6 1-0

[Event "Titled Tuesday intern op 25th Aug"]
[Site "Chess.com INT"]
[Date "2020.08.25"]
[Round "3"]
[White "Sanchez Alvares, Kelvin Antonio"]
[Black "Gopal, KN."]
[Result "0-1"]
[WhiteElo "2250"]
[BlackElo "2022"]
[PlyCount "54"]
[EventDate "2020.08.25"]
[EventType "swiss (blitz)"]
[EventRounds "10"]
[EventCountry "USA"]
[SourceTitle "CBM 198 Extra"]
[Source "ChessBase"]
[SourceDate "2020.11.30"]
[SourceVersion "1"]
[SourceVersionDate "2020.11.30"]
[SourceQuality "1"]

1. e4 c5 2. Nf3 Nf6 3. d4 Nxe4 4. dxc5 Nxc5 5. Be2 Ne4 6. 0-0 Nc6 7. c4 d6 8. Be3 e6 9. Qc2 Nf6 10. Nc3 Be7 11. Rad1 Qc7 12. Nb5 Qb8 13. Qd2 d5 14. Bf4 e5 15. cxd5 exf4 16. d6 Bxd6 17. Nxd6+ Kf8 18. Qxf4 Be6 19. b3 Ne8 20. Ng5 Nd8 21. Qb4 Nxd6 22. Rxd6 Kg8 23. Rfd1 Nc6 24. Qd2 Qe8 25. Nxe6 fxe6 26. Bc4 Nd8 27. Qd4 Kf7 0-1

[Event "Titled Tuesday intern op 11th Aug"]
[Site "Chess.com INT"]
[Date "2020.08.11"]
[Round "9"]
[White "Cervantes Landeiro, Thalia"]
[Black "Gopal, KN."]
[Result "0-1"]
[WhiteElo "2311"]
[BlackElo "2022"]
[PlyCount "118"]
[EventDate "2020.08.11"]
[EventType "swiss (blitz)"]
[EventRounds "10"]
[EventCountry "USA"]
[SourceTitle "CBM 197 Extra"]
[Source "ChessBase"]
[SourceDate "2020.09.30"]
[SourceVersion "1"]
[SourceVersionDate "2020.09.30"]
[SourceQuality "1"]

1. d4 d5 2. c4 c6 3. Nf3 e6 4. e3 Nf6 5. b3 Be7 6. Bd3 0-0 7. Bb2 dxc4 8. bxc4 c5 9. 0-0 cxd4 10. exd4 Nc6 11. Nbd2 b6 12. Qe2 Bb7 13. Rad1 Qc7 14. h3 Rfe8 15. Rfe1 Rad8 16. Ne4 Nb4 17. Nxf6+ Bxf6 18. Bb1 g6 19. a3 Nc6 20. d5 exd5 21. Qxe8+ Rxe8 22. Rxe8+ Kg7 23. Bxf6+ Kxf6 24. cxd5 Qd7 25. Ree1 Na5 26. Ne5 Qd6 27. Bc2 Ba6 28. Ba4 Nc4 29. Ng4+ Kg7 30. Bc6 h5 31. Ne3 Ne5 32. Ba4 Nd3 33. Rxd3 Bxd3 34. Rd1 Ba6 35. Bc6 Bc8 36. Nc4 Qc5 37. Ne5 Qxa3 38. d6 Qb3 39. Rd3 Qb1+ 40. Kh2 Qe1 41. f4 Qf2 42. d7 Qxf4+ 43. Kg1 Bxd7 44. Nxd7 Qc1+ 45. Kh2 Qxc6 46. Ne5 Qc7 47. Re3 f6 48. g3 fxe5 49. Rd3 b5 50. Rf3 b4 51. Kg1 a5 52. Rf1 Qc5+ 53. Kg2 Qc2+ 54. Kf3 Qd3+ 55. Kf2 Qxf1+ 56. Kxf1 b3 57. Ke2 b2 58. Ke3 b1Q 59. Ke2 Qb3 0-1

[Event "Titled Tuesday intern op 11th Aug"]
[Site "Chess.com INT"]
[Date "2020.08.11"]
[Round "10"]
[White "Gopal, KN."]
[Black "Golubovskis, Maksims"]
[Result "1-0"]
[WhiteElo "2022"]
[BlackElo "2234"]
[PlyCount "137"]
[EventDate "2020.08.11"]
[EventType "swiss (blitz)"]
[EventRounds "10"]
[EventCountry "USA"]
[SourceTitle "CBM 197 Extra"]
[Source "ChessBase"]
[SourceDate "2020.09.30"]
[SourceVersion "1"]
[SourceVersionDate "2020.09.30"]
[SourceQuality "1"]

1. b3 Nf6 2. Bb2 g6 3. g4 Bg7 4. g5 Nh5 5. Bxg7 Nxg7 6. Qc1 e5 7. h4 h6 8. Qb2 hxg5 9. Qxe5+ Kf8 10. Nf3 g4 11. Qg5 Qxg5 12. Nxg5 d5 13. Bg2 f6 14. Nc3 fxg5 15. Nxd5 Na6 16. hxg5 Rxh1+ 17. Bxh1 Ne6 18. 0-0-0 Nxg5 19. Rg1 Kf7 20. Ne3 Be6 21. Bxb7 Nh3 22. Rg2 Rh8 23. Bxa6 Nf4 24. Rg1 Rh2 25. Nxg4 Bxg4 26. Rxg4 Rxf2 27. e3 Nh5 28. Bd3 Rf6 29. Rc4 g5 30. Rc5 Ke6 31. Rxg5 Rh6 32. c4 Nf6 33. Bf5+ Kd6 34. Rg6 Rxg6 35. Bxg6 Ng4 36. Bc2 c5 37. d4 Nxe3 38. dxc5+ Kxc5 39. Kd2 Nf1+ 40. Kc3 Ne3 41. b4+ Kb6 42. Be4 Ng4 43. Kd4 Nf6 44. c5+ Kb5 45. a3 Ne8 46. c6 Nc7 47. Bf3 Kb6 48. Kc4 Nb5 49. a4 Nd6+ 50. Kb3 Kc7 51. b5 Nc8 52. Kb4 Ne7 53. a5 Nc8 54. Kc5 Kb8 55. b6 axb6+ 56. axb6 Nxb6 57. Kxb6 Kc8 58. c7 Kd7 59. Kb7 Ke7 60. c8Q Kf6 61. Qc6+ Ke5 62. Qe4+ Kd6 63. Kb6 Kd7 64. Qg6 Kc8 65. Kc5 Kd8 66. Qg7 Kc8 67. Kd6 Kd8 68. Qc7+ Ke8 69. Qe7# 1-0

[Event "Titled Tuesday intern op 11th Aug"]
[Site "Chess.com INT"]
[Date "2020.08.11"]
[Round "8"]
[White "Gopal, KN."]
[Black "Mahajan, Rushaan"]
[Result "1-0"]
[WhiteElo "2022"]
[BlackElo "2151"]
[PlyCount "83"]
[EventDate "2020.08.11"]
[EventType "swiss (blitz)"]
[EventRounds "10"]
[EventCountry "USA"]
[SourceTitle "CBM 197 Extra"]
[Source "ChessBase"]
[SourceDate "2020.09.30"]
[SourceVersion "1"]
[SourceVersionDate "2020.09.30"]
[SourceQuality "1"]

1. b3 d5 2. Bb2 c5 3. e3 f6 4. f4 Nc6 5. Be2 Bf5 6. Nf3 e6 7. Nh4 Bg6 8. Nxg6 hxg6 9. 0-0 Bd6 10. Nc3 Nge7 11. Qe1 Qd7 12. Bb5 a6 13. Bxc6 Qxc6 14. Ne2 0-0-0 15. a3 g5 16. b4 Ng6 17. bxc5 Bc7 18. g3 d4 19. Nxd4 Qd5 20. f5 Rxh2 21. e4 Qe5 22. Kxh2 Rh8+ 23. Kg2 Nh4+ 24. Kg1 g4 25. Rb1 Qxc5 26. Qe3 e5 27. Ne6 Qd6 28. Nxc7 Nf3+ 29. Rxf3 gxf3 30. Nd5 Rh3 31. Qc3+ Kb8 32. Qc7+ Qxc7 33. Nxc7 Kxc7 34. Kf2 Rh2+ 35. Kxf3 Rxd2 36. Rh1 Rxc2 37. Rc1 Rxc1 38. Bxc1 b5 39. Bd2 Kc6 40. Ke3 Kc5 41. Kd3 Kb6 42. Bb4 1-0

[Event "El Prat de Llobregat op-B 1st"]
[Site "El Prat de Llobregat"]
[Date "2019.12.10"]
[Round "8"]
[White "Gopal, KN."]
[Black "Fabregas Fontanet, Antonio"]
[Result "1-0"]
[WhiteElo "1840"]
[BlackElo "1921"]
[PlyCount "77"]
[EventDate "2019.12.03"]
[EventType "swiss"]
[EventRounds "9"]
[EventCountry "ESP"]
[SourceTitle "CBM 193 Extra"]
[Source "ChessBase"]
[SourceDate "2020.01.31"]
[SourceVersion "1"]
[SourceVersionDate "2020.01.31"]
[SourceQuality "1"]

1. c4 Nf6 2. g3 g6 3. Bg2 Bg7 4. Nc3 e5 5. d3 Nc6 6. Rb1 d6 7. Bg5 h6 8. Bxf6 Bxf6 9. e3 0-0 10. Nge2 Bg4 11. h3 Be6 12. 0-0 Qd7 13. Kh2 h5 14. Nd5 Bg7 15. b4 Nd8 16. b5 c6 17. bxc6 bxc6 18. Ndc3 d5 19. Qa4 dxc4 20. dxc4 Qc7 21. Rfd1 f5 22. c5 e4 23. h4 Re8 24. Nd4 Bf7 25. Nce2 Bf8 26. Rdc1 Re5 27. Nf4 Kh7 28. Bf1 Rc8 29. Ba6 Rb8 30. Rxb8 Qxb8 31. Qa3 Qc7 32. Kg2 Qe7 33. Qa5 Qd7 34. Be2 Be7 35. Bd1 Bxc5 36. Rxc5 Nb7 37. Rxe5 Nxa5 38. Rxa5 Bd5 39. Nxd5 1-0